00836nam a2200157Ia 4500003000400000005001700004008004000021040000700061041000800068082001500076100001800091245001300109260003700122300001300159520050600172OSt20260223093919.0210210b1935 xxu||||| |||| 00| 0 eng d cAL aeng a823.8 CONL aJoseph Conrad aLord Jim aLondonbEveryman's Libraryc1935 axii,307p aThis compact novel, completed in 1900, as with so many of the great novels of the time, is at its baseline a book of the sea. An English boy in a simple town has dreams bigger than the outdoors and embarks at an early age into the sailor's life. The waters he travels reward him with the ability to explore the human spirit, while Joseph Conrad launches the story into both an exercise of his technical prowess and a delicately crafted picture of a character who reaches the status of a literary hero.